00336nam a2200133 a 45000010010000000030011000100080041000210350026000620820014000881000020001022450027001222600039001496500014001880000-9326ELIB.Books110520 1985  a(ELIB.Books)0000-9478 a253 bRob aRobbins, Paul D aWhen it's time to Move bTexas: Word Books Publisher c1985 aPreaching